000
00315pab a2200145 454500
008
180718b1983 xxu||||| |||| 00| 0 eng d
100
_a
Gutto, S.B.O.
245
_a
Captivity of the press
260
_c
1983
300
_a
31-41
362
_a
Jan.
650
_a
Press
773
_a
Monthly Review
909
_a
15996
999
_c
15996
_d
15996